Oral cancer: (Record no. 114039)

MARC details
000 -LEADER
fixed length control field 00795nam a2200241 a 4500
008 - FIXED-LENGTH DATA ELEMENTS--GENERAL INFORMATION
fixed length control field
020 ## - INTERNATIONAL STANDARD BOOK NUMBER
International Standard Book Number 089116541x(hbk.)
049 ## - LOCAL HOLDINGS (OCLC)
Holding library MAIN
090 ## - LOCALLY ASSIGNED LC-TYPE CALL NUMBER (OCLC); LOCAL CALL NUMBER (RLIN)
Classification number (OCLC) (R) ; Classification number, CALL (RLIN) (NR) RC280
003 - CONTROL NUMBER IDENTIFIER
control field
005 - DATE AND TIME OF LATEST TRANSACTION
control field 20230120203928.0
040 ## - CATALOGING SOURCE
Transcribing agency NUST
100 1# - MAIN ENTRY--PERSONAL NAME
Personal name Hemisphere Publishing.
245 10 - TITLE STATEMENT
Title Oral cancer:
Remainder of title Epidemiology, etiology and pathology/
Statement of responsibility, etc. [Edited by]Colin Smith, Jens J. Pindberg, W.H. Binnie.
260 ## - PUBLICATION, DISTRIBUTION, ETC.
Place of publication, distribution, etc. New York :
Name of publisher, distributor, etc. Hemishphere Publishing ;
Date of publication, distribution, etc. c1990.
300 ## - PHYSICAL DESCRIPTION
Extent ix, 105 p.:
Other physical details ill :
Dimensions 23 cm.
490 ## - SERIES STATEMENT
Series statement The Cancer Series
504 ## - BIBLIOGRAPHY, ETC. NOTE
Bibliography, etc. note includes bibliographical references.
500 ## - GENERAL NOTE
General note includes index.
650 #1 - SUBJECT ADDED ENTRY--TOPICAL TERM
Topical term or geographic name entry element Mouth neoplasms-epidemiology :
Form subdivision mouth neoplasms etiology.
907 ## - LOCAL DATA ELEMENT G, LDG (RLIN)
a .b10199263
b 24-04-06
c 22-04-06
942 ## - ADDED ENTRY ELEMENTS (KOHA)
Koha item type Ordinary Loan Books
Call number prefix RC280
Holdings
Date last seen Total Checkouts Full call number Barcode Accession number Cost, replacement price Price effective from Koha item type Public note Lost status Source of classification or shelving scheme Damaged status Not for loan Collection Withdrawn status Home library Current library Shelving location Date acquired Source of acquisition Cost, normal purchase price
01/20/2023   RG951 PIL 92004002819 16170 30.00 05/16/2023 BOOKS Donation   LCC     NFIC   Medical Medical GEN 05/16/2023 Book Aid International 30.00